000 00803cam a2200241 a 4500
001 3289146
003 ARRUPE
005 20150122163942.0
008 820914s1982 enka 000 0 eng
010 _a 82206826
020 _a0232515603 (pbk.) :
_c£6.95
040 _aDLC
_cDLC
_dDLC
_dOCoLC
_dDLC
050 0 0 _aHV3004
_b.V258
082 0 0 _a362.3/85
_219
245 0 4 _aThe Challenge of l'Arche /
_cintroduction and conclusion by Jean Vanier.
260 _aLondon :
_bDarton, Longman, and Todd,
_c1982.
300 _a276 p. :
_bill. ;
_c22 cm.
610 2 0 _aArche (Association)
_914392
650 0 _aChurch work with the developmentally disabled
_xCatholic Church.
_914393
700 1 _aVanier, Jean,
_d1928-
_914391
906 _a7
_bcbc
_corignew
_d2
_encip
_f19
_gy-gencatlg
942 _2lcc
_cMONOGRAPH
999 _c121823
_d121823